000
00264 a2200121 4500
245
_a
Santé et médecines naturelles
100
_a
Gautrelet, M.
260
_c
1976
300
_a
417 p.
999
_c
17587
_d
17587